Špecifické prípady účtovania podnikateľov. 10

Účtová trieda 4 - kapitálové účty a dlhodobé záväzky. Vlastné imanie účtovnej jednotky. Základné imanie. Kapitálové fondy a fondy tvorené zo zisku.

Na minha lista:
Detalhes bibliográficos
Autor principal: Šlosárová, Anna
Formato: Capítulo de Livro
Idioma:eslovaco
Assuntos:
Tags: Adicionar Tag
Sem tags, seja o primeiro a adicionar uma tag!

MARC

LEADER 00000naa a2200000 4500
001 r020607
005 20230811094839.6
041 0 |a slo 
044 |a SK 
245 1 0 |a Špecifické prípady účtovania podnikateľov. 10  |c Anna Šlosárová 
520 |a Účtová trieda 4 - kapitálové účty a dlhodobé záväzky. Vlastné imanie účtovnej jednotky. Základné imanie. Kapitálové fondy a fondy tvorené zo zisku. 
610 2 0 |a účtovníctvo 
610 2 0 |a podnikatelia 
610 2 0 |a podnikanie 
610 2 0 |a účty kapitálové 
610 2 0 |a záväzky 
610 2 0 |a zisk 
610 2 0 |a majetok kmeňový 
610 2 0 |a triedy účtové 
100 1 |a Šlosárová, Anna